00809nam a2200133 4500082001700000100002200017110002200039245002700061260003300088505039400121942001200515999001900527952012900546 a621.382, SIN aR P Singh9104605 aS D Sapre9104606 aCommunication Sytems / aNew DelhibMcGraw Hillc2008 aSignals Analysis (Page-1), Linear Systems (Page-78), Probabilty and Random Signal Theory (Page-114), Noise (Page-166), Amplitude Modulation Systems (Page-209), Angle Modulation Systems (Page-385), Pulse Modulation Systems (Page-385), Pulse Code Modulation (Page-407), Data Transmission (Page-430), Iformation Theory (Page-452), Coding (Page-490), Advancend Communaction Systems (Page-524). 2ddccBK c592642d592642 00102ddc4070aMCSbMCScGENd2022-12-10l0o621.382, SINpMCS34498r2022-12-10w2022-12-10yBKzAlmirah No.35, Shelf No.6